Oft-Used Song Titles - Statistics

General Stats
  • This quiz has been taken 9 times
  • The average score is 5 of 10
Answer Stats
Question Answer % Correct
Which of the following musical acts have not performed a song called "Holiday"? Buddy Holly
67%
Which of the following musical acts have not performed a song called "Paradise"? Guns N' Roses
67%
Which of the following musical acts have not performed a song called "Perfect"? Lou Reed
67%
Which of the following musical acts have not performed a song called "Ordinary World"? Carpenters
56%
Which of the following musical acts have not performed a song called "Photograph"? One Direction
56%
Which of the following musical acts have not performed a song called "Drive"? Train
44%
Which of the following musical acts have not performed a song called "Stand By Me"? Dolly Parton
33%
Which of the following musical acts have not performed a song called "Hello"? Ed Sheeran
33%
Which of the following musical acts have not performed a song called "Dreams"? Heart
33%
Which of the following musical acts have not performed a song called "Loser"? Avril Lavigne
22%
No matching quizzes found
Score Distribution
Percent of People with Each Score
Percentile by Number Answered
Your Score History
You have not taken this quiz